KOMENTÁR K NOVÉMU ZÁKONU O RODIČOVSKOM PRÍSPEVKU S PRÍKLADMI

Bibliographic Details
Main Authors: Feketeová, Anna (Author), Škodová, Mária (Author)
Format: Article
Language:Slovak

MARC

LEADER 00000nab a2200000uu 4500
001 vtls010903994
003 SK-MaSNL
005 20260303120513.0
008 230131|2002 xo |||||||||||||||||slo|
015 |a SNBRB 
035 |a (urnnbn)urn:nbn:sk:snk:ar-a07sa7 
035 |a (uuid)ca82f396-9f8e-49c8-92c1-e8e20922efb3 
035 |a urn:nbn:sk:snk-ab8uwf 
040 |a SNKBUCL  |b slo  |c SNKBUCL  |e AACR2 
041 0 |a slo 
044 |a xo  |c SK 
100 1 |a Feketeová, Anna  |4 aut  |9 689688 
245 1 0 |a KOMENTÁR K NOVÉMU ZÁKONU O RODIČOVSKOM PRÍSPEVKU S PRÍKLADMI  |c Anna Feketeová, Mária Škodová 
700 1 |a Škodová, Mária  |4 aut  |9 603466 
773 0 |t Príjmy a mzdy : odborný časopis pre mzdové a personálne útvary  |g Roč. 3, č. 15-16 (2002), s. 23-41 
954 |a odborná, vedecká literatúra pôvodná (slovenská)  |2 lita 
958 |a OND 
958 |a EUIPO 
958 |a article10 
999 |c 1910113  |d 1912043